<?xml version="1.0" encoding="UTF-8"?><?xml-stylesheet type="text/xsl" href="static/style.xsl"?><OAI-PMH xmlns="http://www.openarchives.org/OAI/2.0/" xmlns:xsi="http://www.w3.org/2001/XMLSchema-instance" xsi:schemaLocation="http://www.openarchives.org/OAI/2.0/ http://www.openarchives.org/OAI/2.0/OAI-PMH.xsd"><responseDate>2026-04-13T19:38:17Z</responseDate><request verb="GetRecord" identifier="oai:www.recercat.cat:2445/221874" metadataPrefix="marc">https://recercat.cat/oai/request</request><GetRecord><record><header><identifier>oai:recercat.cat:2445/221874</identifier><datestamp>2025-12-04T21:00:24Z</datestamp><setSpec>com_2072_1057</setSpec><setSpec>col_2072_478796</setSpec><setSpec>col_2072_478917</setSpec></header><metadata><record xmlns="http://www.loc.gov/MARC21/slim" xmlns:dcterms="http://purl.org/dc/terms/" xmlns:xsi="http://www.w3.org/2001/XMLSchema-instance" xmlns:doc="http://www.lyncode.com/xoai" xsi:schemaLocation="http://www.loc.gov/MARC21/slim http://www.loc.gov/standards/marcxml/schema/MARC21slim.xsd">
   <leader>00925njm 22002777a 4500</leader>
   <datafield ind2=" " ind1=" " tag="042">
      <subfield code="a">dc</subfield>
   </datafield>
   <datafield ind2=" " ind1=" " tag="720">
      <subfield code="a">Lu, Wang</subfield>
      <subfield code="e">author</subfield>
   </datafield>
   <datafield ind2=" " ind1=" " tag="720">
      <subfield code="a">Chen, Nan</subfield>
      <subfield code="e">author</subfield>
   </datafield>
   <datafield ind2=" " ind1=" " tag="720">
      <subfield code="a">Feng, Chuanping</subfield>
      <subfield code="e">author</subfield>
   </datafield>
   <datafield ind2=" " ind1=" " tag="720">
      <subfield code="a">Zhang, Gong</subfield>
      <subfield code="e">author</subfield>
   </datafield>
   <datafield ind2=" " ind1=" " tag="720">
      <subfield code="a">Sirés Sadornil, Ignacio</subfield>
      <subfield code="e">author</subfield>
   </datafield>
   <datafield ind2=" " ind1=" " tag="260">
      <subfield code="c">2025-06-27T18:22:23Z</subfield>
   </datafield>
   <datafield ind2=" " ind1=" " tag="260">
      <subfield code="c">2025-06-27T18:22:23Z</subfield>
   </datafield>
   <datafield ind2=" " ind1=" " tag="260">
      <subfield code="c">2025-06-11</subfield>
   </datafield>
   <datafield ind2=" " ind1=" " tag="260">
      <subfield code="c">2025-06-27T18:22:23Z</subfield>
   </datafield>
   <datafield ind2=" " ind1=" " tag="520">
      <subfield code="a">Preventing the formation of hazardous chlorinated transformation products (Cl–TPs) when applying the electrochemical advanced oxidation processes (EAOPs) is a major challenge for ensuring their broader scale-up. In this context, the addition of peracetic acid (PAA) can potentially contribute to reduce the risk of Cl–TPs, but the associated transformation pathways remain insufficiently understood. Here, PAA–mediated electrochlorination process was found to reduce typical Cl-TPs (e.g., chloroform below 60 μg L&lt;sup>–1&lt;/sup>) by 26.9%~80.8%. Under optimized conditions, an innovative PAA–based treatment in a single-pass flow–through electrochemical reactor achieves the removal of four mixed antibiotics with low specific energy consumption (5.3 Wh mmol&lt;sup>–1&lt;/sup>). The antibiotics concentration in the effluent remained below the detection limit within 10 operation cycles. In addition, reductions in Cl–TPs were achieved in both simulated and actual groundwater, meeting the 2022 Chinese drinking water quality standards. Fourier transform ion cyclotron resonance mass spectrometry (FT−ICR MS) revealed that PAA–based electrochlorination preferentially removed highly unsaturated heavy byproducts (O/C &lt;0.3, MW >400 Da), and the CHOCl formulae number decreased by 59%. The transformation pathways of Cl–TPs were mainly identified as decarbonylation, dihydroxylation, and hydrogenation. Moreover, the possible halogenation pathways number showed a significant decrease of 77.9%. These findings provide deeper insights into the degradation mechanisms and Cl–TPs minimization during PAA−mediated electrochemical antibiotic degradation, shedding light on the transformation processes in diverse environmental scenarios.</subfield>
   </datafield>
   <datafield tag="653" ind2=" " ind1=" ">
      <subfield code="a">Antibiòtics</subfield>
   </datafield>
   <datafield tag="653" ind2=" " ind1=" ">
      <subfield code="a">Oxidació</subfield>
   </datafield>
   <datafield tag="653" ind2=" " ind1=" ">
      <subfield code="a">Ciclotrons</subfield>
   </datafield>
   <datafield tag="653" ind2=" " ind1=" ">
      <subfield code="a">Antibiotics</subfield>
   </datafield>
   <datafield tag="653" ind2=" " ind1=" ">
      <subfield code="a">Oxidation</subfield>
   </datafield>
   <datafield tag="653" ind2=" " ind1=" ">
      <subfield code="a">Cyclotrons</subfield>
   </datafield>
   <datafield ind2="0" ind1="0" tag="245">
      <subfield code="a">Degradation of antibiotics and profiling of transformation products upon peracetic acid–mediated treatment of electrochlorinated groundwater in a flow–through reactor</subfield>
   </datafield>
</record></metadata></record></GetRecord></OAI-PMH>